00460nam a22001577a 4500003000400000082001800004100002100022245004000043260004400083300000700127650001700134653001700151942001200168952010500180999001700285SGT a617.643bE21B aBhargava, Akriti a3D Evaluation of impacted teeth.... aGurugram, HaryanabSGT Universityc2021 a80 aOrthodontics aOrthodontics 2ddccTH 00102ddc405171aFDbFDd2022-12-21l0o617.643 E21BpDT1364r2022-12-21 00:00:00w2022-12-21yTH c23585d23585